| 000 | 00593nam a2200181 4500 | ||
|---|---|---|---|
| 001 | 148640 | ||
| 003 | ES-MaACL | ||
| 005 | 20230906202736.0 | ||
| 007 | t| | ||
| 008 | 070214s1908 sp r ||||1| spa d | ||
| 100 | 1 |
_aSuárez de Figueroa y Cazeaux, José. _9108606 |
|
| 245 | 1 | 3 |
_aLa neurastenia y los trabajos mentales _b: tesis de doctorado / _cde José Suárez- Figueroa Cazeaux. |
| 260 |
_aTortosa : _b[s. n.], _c1908 ( _fImp. Sucesores de L. Bernis) |
||
| 300 |
_a52 p. ; _c24 cm. |
||
| 650 | 4 |
_aNeurastenia. _9138915 |
|
| 852 |
_aES-MaACL _jT-1132-F-13 |
||
| 852 | 1 |
_aBA _jT-150 bis-F-11 |
|
| 999 |
_c148640 _d148640 |
||